First Lines of Songs #6 - Statistics

General Stats
  • This quiz has been taken 822 times
    801 since last reset
  • The average score is 7 of 15
Answer Stats
Hint Answer % Correct
Is this the real life? Is this just fantasy? Caught in a landslide, no escape from reality. Bohemian Rapsody - Queen
83%
There's a fire, starting in my heart. Reaching a fever pitch and it's bringing me out the dark. Rolling in the Deep - Adele
77%
I walk a lonely road, the only one that I have ever known, don't know where it goes, but it's only me and I walk alone. Boulevard of Broken Dreams - Green Day
71%
She's got a smile that it seems to me, reminds me of childhood memories, where everything was as fresh as the bright blue sky. Sweet Child o' Mine - Guns N' Roses
71%
If you had; one shot, one opportunity, to seize everything you ever wanted, one moment; would you capture? Or just let it slip? Lose Yourself - Eminem
67%
I'm coming out of my cage, and I've been doing just fine. Gotta gotta be down, because I want it all. Mr. Brightside - The Killers
54%
As I walk through the valley of the shadow of death, I take a look at my life and realise there's nothing left. Gangsta's Paradise - Coolio
52%
So, so you think you can tell, heaven from hell, blue skies from pain? Wish You Were Here - Pink Floyd
43%
And I'd give up forever to touch you, cos I know that you feel me somehow. Iris - Goo Goo Dolls
41%
When I was, a young boy, my father took me into the city, to see a marching band. Welcome to the Black Parade - My Chemical Romance
38%
Here come old flat top, he come groovin' up slowly. He got joo-joo eyeball, he one holy roller. Come Together - The Beatles
37%
Tired of being what you want me to be, feeling so faithless, whilst under the surface. Numb - Linkin Park
34%
Now and then I think of when we were together, like when you said you felt so happy you could die. Somebody That I Used To Know - Gotye
33%
I'll sing it one last time for you, then we really have to go. You've been the only thing that's right, in all I've done. Run - Snow Patrol
20%
What if I wanted to break? Laugh it all off in your face? What would you do? The Kill - 30 Seconds to Mars
19%
No matching quizzes found
Score Distribution
Percent of People with Each Score
Percentile by Number Answered
Your Score History
You have not taken this quiz since the last reset